000 00635nam a2200241Ia 4500
001 2876
005 20240113233559.0
007 ta
008 050314s1997 a g b000 u eng u
020 _a0-312-13404-5
040 _aReference ( Eng )
041 _aeng
082 _a822
_bJa 116 Be
100 _aJacobus, Lee A .
245 0 _aThe bedford introduction to drama /
_cLee A Jacobus.
_hTextual Documents
250 _a3rd /
260 _aBoston :
_bBedford / St. Martin ,
_c1997.
300 _a1798p :
_bill ;
_c23cm .
653 _aDrama - English
942 _2ddc
_cBK
999 _c2864
_d2864